000
00299nam a22001337a 4500
008
170707b xxu||||| |||| 00| 0 eng d
020
_a
9780312259136
041
_a
eng
080
_a
82
100
_a
22
101
_a
GJL
245
_a
WAYS OF MAKING LITERATURE MATTER
_c
SCHILB,J
942
_2
udc
_c
BK
999
_c
20019
_d
20019